Statistiche per Anagrammi dei Calciatori - Quiz n°33

Clicka qui per fare il quiz!

Statistiche generali

  • Questo quiz è stato fatto 2 volte
  • Il punteggio medio è 4 su 10

Statistiche sulle risposte

AnagrammaCalciatore% Corretto
nosSon
100%
rarecoCorrea
50%
kkoeKoke
50%
zöliÖzil
50%
piaodnPadoin
50%
eemdosSemedo
50%
vdaliVidal
50%
rdesubbtaBadstuber
0%
olmginroaRomagnoli
0%
gisiornSignori
0%

Distribuzione punteggi

Percentile per numero di risposta

Percentuale di utenti per punteggio

I tuoi punteggi nel tempo

Non hai fatto questo quiz